30 Meilleurs Buteurs Actuels du FC Nantes - Statistiques

Statistiques générales
  • Ce quiz a été pris 167 fois
    99 depuis la dernière actualisation
  • Le résultat moyen est 9 sur 30
Statistiques - réponses
Classement Matchs Buts Joueur % Correct
2 167 29 Moses Simon
83%
1 159 45 Ludovic Blas
82%
5 87 23 Randal Kolo Muani
76%
14 135 10 Valentin Rongier
67%
12 205 12 Andrei Girotto
56%
8 146 15 Jordan Veretout
54%
3 110 26 Kalifa Coulibaly
50%
7 130 17 Yacine Bammou
40%
4 138 24 Serge Gakpé
37%
17 162 9 Abdoulaye Touré
32%
9 96 14 Alejandro Bedoya
29%
25 45 6 Ignatius Ganago
27%
15 29 9 Préjuce Nakoulma
25%
10 110 13 Adrien Thomasson
24%
28 39 5 Dimitri Payet
23%
23 38 7 Majeed Waris
20%
11 66 12 Imrân Louza
18%
18 187 9 Papy Djilobodji
18%
20 87 8 Abdoul Kader Bamba
17%
29 44 5 Evann Guessand
17%
30 50 5 Yong-jae Lee
17%
22 30 7 Adryan
13%
21 26 7 Mariusz Stepinski
13%
6 72 18 Mostafa Mohamed
13%
27 32 5 Boschilia
12%
24 48 7 Florent Mollet
12%
16 48 9 Christian Bekamenga
8%
26 210 6 Nicolas Pallois
2%
13 34 10 Florian Raspentino
1%
19 31 8 Ronny Rodelin
0%
Aucun quiz correspondant
Distribution des résultats
% des personnes avec chaque résultat
Percentile par nombre de réponses
Votre historique - résultats
Vous n’avez pas pris ce quiz depuis la dernière actualisation